[Event "Tourn. n7975"]
[Site "www.chess-mail.com"]
[Date "2015.04.02"]
[Round "1"]
[White "Falcoale"]
[Black "Chiccogianca"]
[WhiteElo "1880"]
[BlackElo "1970"]
[Result "0-1"]
[Round "1"]
1.e4 b6
2.d4 Bc8b7
3.Nb1c3 g6
4.Ng1f3 Bf8g7
5.Bc1e3 e6
6.Bf1c4 d6
7.Qd1d2 Ng8e7
8.O-O-O Nb8d7
9.Nf3g5 d5
10.exd5 exd5
11.Bc4b3 O-O
12.h4 h5
13.f3 Nd7f6
14.Ng5h3 Bb7c8
15.Be3g5 c6
16.Rd1e1 Ne7f5
17.g4 hxg4
18.fxg4 Nf5d6
19.Bg5h6 Nf6xg4
20.Bh6xg7 Kxg7
21.Nh3f4 Rf8h8
22.h5 gxh5
23.Re1g1 Kf8
24.Rg1f1 Kg7
25.Nf4xh5 Kf8
26.Nh5f4 Rh8xh1
27.Rf1xh1 Qd8f6
28.Nf4d3 Bc8d7
29.Nc3e2 Nd6e4
30.Qd2e1 Ra8e8
31.Rh1f1 Qf6g5
32.Kd1 Ng4e3
33.Kc1 Ne3xf1
34.Kb1 Nf1d2
35.Ka1 Nd2xb3
36.axb3 Bd7g4
37.Nd3e5 Bg4xe2
38.Qe1xe2 Re8xe5
39.dxe5 Qg5xe5
40.Qe2a6 Qe5e7
41.Qa6c8 Qe7e8
42.Qc8h3 f6
43.Qh3h8 Kf7
44.Qh8h7 Ke6
45.Qh7xa7 b5
46.Qa7e3 Qe8h5
47.Qe3c5 Kd7
48.Qc5a7 Ke6
49.Qa7c7 Qh5e8
50.Kb1 f5
51.Qc7f4 Qe8e7
52.Qf4e3 Ke5
53.c3 Qe7h4
54.Qe3b6 Qh4e1
55.Ka2 Ne4xc3
56.bxc3 Qe1xc3
57.Qb6c7 Ke4
58.Qc7e7 Kf3
59.Qe7h4 Qc3c2
60.Ka3 Qc2c5
{ resign }
0-1

[Event "Tourn. n8046"]
[Site "www.chess-mail.com"]
[Date "2015.04.02"]
[Round "1"]
[White "Falcoale"]
[Black "Maxlou"]
[WhiteElo "1840"]
[BlackElo "1770"]
[Result "1-0"]
[Round "1"]
1.e4 Ng8f6
2.e5 Nf6d5
3.d4 d6
4.c4 Nd5b6
5.Ng1f3 Nb8c6
6.Nb1c3 Bc8f5
7.b3 Nc6b4
8.a3 Nb4c2
9.Ke2 Nc2xa1
10.Nf3e1 dxe5
11.d5 e6
12.Bc1d2 exd5
13.Qd1xa1 dxc4
14.b4 Bf8e7
15.Nc3b5 Be7f6
16.Qa1c1 Qd8d7
17.Nb5c3 O-O-O
18.g3 Bf5d3
19.Ne1xd3 Qd7xd3
20.Kd1 Qd3f3
21.Kc2 Kb8
22.Rh1g1  { time }
1-0

[Event "Tourn. n8027"]
[Site "www.chess-mail.com"]
[Date "2015.04.02"]
[Round "1"]
[White "Julian"]
[Black "Samael"]
[WhiteElo "1940"]
[BlackElo "2090"]
[Result "1-0"]
[Round "1"]
1.e4 e5
2.Ng1f3 d6
3.d4 exd4
4.Nf3xd4 Bf8e7
5.Bf1c4 Ng8f6
6.f3 Bc8d7
7.Bc1e3 Nb8c6
8.c3 Nc6xd4
9.cxd4 O-O
10.O-O Rf8e8
11.Nb1c3 Qd8c8
12.Qd1d2 Be7f8
13.Ra1e1 h6
14.g4 Nf6h7
15.h4 Bd7e6
16.Bc4xe6 Qc8xe6
17.d5 Qe6d7
18.Nc3e2 b6
19.Ne2d4 a5
20.Nd4f5 Qd7d8
21.g5 hxg5
22.hxg5 g6
23.Nf5h6 Bf8xh6
24.gxh6 Qd8h4
25.Be3f2 Qh4g5
26.Qd2xg5 Nh7xg5
27.Bf2h4 Ng5h7
28.f4 f6
29.e5 fxe5
30.fxe5 dxe5
31.Re1c1 Ra8c8
32.Rc1c6 Nh7f8
33.Rf1c1 e4
34.Rc6xc7 Rc8xc7
35.Rc1xc7 Re8e5
36.d6 Re5d5
37.Rc7g7 Kh8
38.Bh4f6 { resign }
1-0

[Event "Tourn. n7998"]
[Site "www.chess-mail.com"]
[Date "2015.04.02"]
[Round "1"]
[White "Falcoale"]
[Black "Forest"]
[WhiteElo "1880"]
[BlackElo "1630"]
[Result "0-1"]
[Round "1"]
1.e4 e6
2.d4 d5
3.e5 c5
4.c3 Nb8c6
5.Ng1f3 Qd8b6
6.b3 cxd4
7.cxd4 Bf8b4
8.Nb1c3 Bb4xc3
9.Bc1d2 Bc3xd2
10.Qd1xd2 Ng8e7
11.Bf1e2 O-O
12.O-O Ne7f5
13.Be2d3 g6
14.Bd3xf5 exf5
15.Qd2h6 f6
16.h4 Nc6xd4
17.Nf3xd4 Qb6xd4
18.Ra1c1 Qd4xe5
19.Rf1e1 Qe5d6
20.Re1e2 Bc8d7
21.Rc1e1 Ra8e8
22.h5 Re8xe2
23.Re1xe2 Rf8e8
24.Re2xe8 Bd7xe8
25.hxg6 Be8xg6
26.Qh6c1 d4
27.Qc1c8 Kg7
28.Qc8xb7 Kh6
29.Qb7xa7 d3
30.Qa7e3 f4
31.Qe3d2 Qd6d4
32.g3 Kg7
33.gxf4 Qd4e4
34.a3 Qe4e2
35.Qd2a5 d2
{ resign }
0-1

[Event "Tourn. n8049"]
[Site "www.chess-mail.com"]
[Date "2015.04.02"]
[Round "1"]
[White "Valdri"]
[Black "Aperturaf"]
[WhiteElo "2040"]
[BlackElo "2270"]
[Result "0-1"]
[Round "1"]
1.e4 e6
2.d4 d5
3.Nb1c3 Bf8b4
4.Ng1e2 dxe4
5.a3 Bb4e7
6.Nc3xe4 Ng8f6
7.Ne2c3 O-O
8.Bc1f4 Nb8c6
9.Qd1d3 Nc6xd4
10.Bf4e5 Nf6xe4
11.Qd3xe4 Nd4c6
12.Ra1d1 Be7d6
13.Be5g3 f5
14.Qe4h4 g5
15.Qh4h5 f4
 { time }
0-1

[Event "Tourn. n8053"]
[Site "www.chess-mail.com"]
[Date "2015.04.02"]
[Round "1"]
[White "Andreachess"]
[Black "Blackpool"]
[WhiteElo "1910"]
[BlackElo "1940"]
[Result "1-0"]
[Round "1"]
1.c4 g6
2.d4 Bf8g7
3.Nb1c3 c6
4.e4 d6
5.Ng1f3 Ng8f6
6.Bc1g5 h6
7.Bg5xf6 Bg7xf6
8.Bf1e2 O-O
9.O-O Bf6g7
10.b4 a5
11.Ra1b1 axb4
12.Rb1xb4 Qd8c7
13.a4 Nb8d7
14.Qd1d3 e5
15.d5 Nd7c5
16.Qd3b1 Rf8e8
17.Nf3d2 Nc5a6
18.Rb4b6 Ra8b8
19.a5 Bc8d7
20.f4 exf4
21.Qb1b2 g5
22.h3 Bg7d4
23.Kh1 Bd4xb6
24.axb6 Qc7d8
25.Be2h5 c5
26.g3 Bd7xh3
27.Rf1f2 Re8e7
28.g4 Qd8d7
29.Nc3b5 Bh3xg4
30.Bh5xg4 Qd7xg4
31.Nb5xd6 Na6b4
32.Nd6f5 Qg4h5
33.Rf2h2 Qh5d1
34.Kg2 Qd1e2
35.Kg1 Qe2e1
36.Nd2f1 Rb8e8
37.Qb2g7 
1-0

[Event "Tourn. n8133"]
[Site "www.chess-mail.com"]
[Date "2015.04.02"]
[Round "1"]
[White "Cathar"]
[Black "Manolinex"]
[WhiteElo "2230"]
[BlackElo "2740"]
[Result "0-1"]
[Round "1"]
1.d4 Ng8f6
2.Ng1f3 d5
3.e3 Bc8f5
4.c4 e6
5.Nb1c3 a6
6.Bf1d3 dxc4
7.Bd3xc4 b5
8.Bc4e2 Nb8d7
9.Nf3h4 Bf5g6
10.Nh4xg6 hxg6
11.Be2f3 Ra8b8
12.g3 c5
13.O-O Bf8e7
14.Qd1e2 O-O
15.dxc5 Nd7xc5
16.Rf1d1 Qd8a5
17.Bc1d2 b4
18.Nc3b1 Nc5b3
{ resign }
0-1

[Event "Tourn. n8079"]
[Site "www.chess-mail.com"]
[Date "2015.04.02"]
[Round "1"]
[White "Genius7"]
[Black "Derfel83"]
[WhiteElo "1750"]
[BlackElo "1800"]
[Result "1-0"]
[Round "1"]
1.d4 Ng8f6
2.c4 d5
3.cxd5 Qd8xd5
4.Nb1c3 Qd5a5
5.Bc1d2 e6
6.e3 c6
7.Ng1f3 Bf8d6
8.Nc3e4 Qa5d8
9.Ne4xd6 Qd8xd6
10.Bf1d3 Nb8d7
11.O-O O-O
12.Bd2c3 b5
13.a3 a5
14.Qd1d2 Qd6c7
15.e4 Nf6h5
16.Ra1c1 Qc7b6
17.e5 f6
18.b4 fxe5
19.Nf3xe5 Nd7xe5
20.dxe5 a4
21.Bc3d4 Qb6xd4
22.Bd3xh7 Kxh7
23.Qd2xd4 Bc8b7
24.Qd4h4 { resign }
1-0

[Event "Tourn. n8131"]
[Site "www.chess-mail.com"]
[Date "2015.04.02"]
[Round "1"]
[White "Germancho95"]
[Black "Pipas"]
[WhiteElo "1660"]
[BlackElo "1620"]
[Result "0-1"]
[Round "1"]
1.d4 d5
2.Bc1g5 Ng8f6
3.Nb1d2 h6
4.Bg5h4 e6
5.e3 Bf8d6
6.Ng1f3 O-O
7.Bf1d3 Bd6e7
8.O-O Nf6e4
9.Nd2xe4 dxe4
10.Bd3xe4 Be7xh4
11.g3 Bh4g5
 { time }
0-1

[Event "Tourn. n8058"]
[Site "www.chess-mail.com"]
[Date "2015.04.02"]
[Round "1"]
[White "Difficult"]
[Black "Cathar"]
[WhiteElo "2080"]
[BlackElo "2120"]
[Result "0-1"]
[Round "1"]
1.d4 Ng8f6
2.c4 e6
3.Nb1c3 Bf8b4
4.Qd1c2 O-O
5.a3 Bb4xc3
6.Qc2xc3 Qd8e8
7.Ng1f3 Nf6e4
8.Qc3c2 f5
9.g3 b6
10.Bf1g2 Bc8b7
11.O-O Nb8c6
12.b4 Nc6e7
13.Nf3e5 d6
14.Ne5d3 Ra8c8
15.Bc1b2 c5
16.dxc5 bxc5
17.b5 e5
18.a4 Qe8d7
19.Rf1d1 Qd7c7
20.a5 Ne4f6
21.Bg2xb7 Qc7xb7
22.Bb2c3 Rc8d8
23.Nd3b2 Ne7g6
24.a6 Qb7a8
25.Bc3a5 Rd8d7
26.Ba5c3 f4
27.Nb2a4 fxg3
28.hxg3 Nf6g4
29.Rd1d5 Ng4xf2
30.Ra1f1 Rd7f7
31.e4 Nf2h3
{ resign }
0-1

[Event "Tourn. n8056"]
[Site "www.chess-mail.com"]
[Date "2015.04.02"]
[Round "1"]
[White "Crull"]
[Black "Manuel09"]
[WhiteElo "1810"]
[BlackElo "1919"]
[Result "0-1"]
[Round "1"]
1.d4 Ng8f6
2.c4 g6
3.Ng1f3 Bf8g7
4.Nb1c3 d5
5.e3 O-O
6.Bf1d3 b6
7.O-O Bc8b7
8.Nc3a4 Rf8e8
9.c5 Bb7c6
10.Na4c3 Nb8d7
11.cxb6 axb6
12.b4 e5
13.dxe5 Nd7xe5
14.Nf3xe5 Re8xe5
15.Qd1c2 Qd8e7
16.a3 Nf6h5
17.Bd3e2 Ra8e8
18.Nc3d1 Re5g5
19.Be2xh5 Bg7xa1
20.Bh5f3 Ba1g7
21.Qc2xc6 Re8d8
22.Bc1d2 Rg5e5
23.Bd2c3 Re5e6
24.Qc6a4 Bg7xc3
25.Nd1xc3 d4
26.exd4 Rd8xd4
27.Nc3e2 Re6xe2
28.Bf3xe2 Qe7xe2
29.Qa4a8 Kg7
30.Qa8f3 Qe2e6
31.Qf3c3 Qe6c4
32.Qc3b2 Kg8
33.h3 Rd4d8
34.Rf1c1 Qc4f4
35.Rc1e1 h5
36.Qb2c3 Kh7
37.Re1e7 Kh6
38.Re7xc7 Rd8d1
{ resign }
0-1

[Event "Tourn. n7979"]
[Site "www.chess-mail.com"]
[Date "2015.04.02"]
[Round "1"]
[White "Swampcat"]
[Black "Bjonil60"]
[WhiteElo "1230"]
[BlackElo "1320"]
[Result "1-0"]
[Round "1"]
1.e4 Nb8c6
2.d4 a6
3.Ng1f3 e6
4.c4 b6
5.Nb1c3 f6
6.Bf1e2 Bc8b7
7.Bc1e3 Qd8e7
8.Qd1b3 O-O-O
9.d5 Nc6a7
10.O-O g6
11.Nf3d4 e5
12.Nd4c2 c6
13.Be3xb6 Kb8
14.Bb6xd8 Qe7xd8
15.dxc6 dxc6
16.Rf1d1 Ng8e7
17.Rd1xd8 Kc7
18.Rd8d7 Kxd7
19.Qb3xb7 Kd6
20.Qb7xa7 Ne7c8
21.Qa7xa6 Nc8e7
22.Ra1d1 Kc7
23.Qa6a7 Kc8
24.Rd1d7 Bf8h6
25.Qa7c7 
1-0

[Event "Tourn. n7998"]
[Site "www.chess-mail.com"]
[Date "2015.04.02"]
[Round "1"]
[White "Yakke"]
[Black "Generalfree"]
[WhiteElo "1800"]
[BlackElo "1840"]
[Result "0-1"]
[Round "1"]
1.e4 e5
2.Ng1f3 Nb8c6
3.Bf1c4 Ng8f6
4.Nf3g5 d5
5.Bc4b3 Nf6xe4
6.Ng5xe4 dxe4
7.Qd1e2 f5
8.Qe2h5 g6
9.Qh5h3 f4
10.Qh3c3 Bf8b4
11.Qc3c4 Rh8f8
12.Qc4xe4 Bc8f5
13.Qe4d5 Qd8xd5
14.Bb3xd5 Nc6d4
15.Bd5xb7 Ra8b8
16.Bb7c6 Nd4xc6
17.a3 Bb4c5
18.d3 Nc6d4
19.O-O Nd4xc2
20.Ra1a2 Bf5e6
21.b3 Be6xb3
22.Ra2b2 Bc5d4
23.Nb1d2 Bd4xb2
24.Bc1xb2 Rf8f5
25.Nd2f3 Bb3d5
26.Nf3xe5 Rb8xb2
27.f3 Rf5xe5
28.h3 Re5e3
29.Rf1d1 Re3e1
30.Rd1xe1 Nc2xe1
31.Kh2 Bd5xf3
32.Kg1 Bf3xg2
33.h4 Ne1f3

0-1

[Event "Tourn. n8132"]
[Site "www.chess-mail.com"]
[Date "2015.04.02"]
[Round "1"]
[White "Maxlou"]
[Black "Bigoak"]
[WhiteElo "1840"]
[BlackElo "1920"]
[Result "0-1"]
[Round "1"]
1.d4 Ng8f6
2.Ng1f3 g6
3.Bc1f4 d6
4.e3 Bf8g7
5.Bf1d3 O-O
6.O-O c5
7.Nb1c3 Bc8g4
8.dxc5 dxc5
9.h3 Bg4d7
10.e4 e6
11.Bf4d6 Rf8e8
 { time }
0-1

[Event "Tourn. n8059"]
[Site "www.chess-mail.com"]
[Date "2015.04.02"]
[Round "1"]
[White "Falcoale"]
[Black "Crull"]
[WhiteElo "1830"]
[BlackElo "1810"]
[Result "0-1"]
[Round "1"]
1.e4 c5
2.Ng1f3 d6
3.b3 a6
4.Bc1b2 e5
5.Nb1c3 Bc8g4
6.h3 Bg4h5
7.g4 Bh5g6
8.d3 Nb8c6
9.Bf1g2 Ng8e7
10.Nc3e2 Nc6d4
11.Nf3xd4 cxd4
12.f4 exf4
13.Ne2xf4 Ne7c6
14.Nf4xg6 fxg6
15.Qd1e2 Qd8a5
16.Qe2d2 Nc6b4
17.a3 Nb4c6
18.b4 Qa5e5
19.O-O-O Bf8e7
20.Rh1f1 Be7g5
21.Qd2xg5 Qe5xg5
22.Kb1 O-O-O
{ resign }
0-1

[Event "Tourn. n8137"]
[Site "www.chess-mail.com"]
[Date "2015.04.02"]
[Round "1"]
[White "Maxlou"]
[Black "Mchess"]
[WhiteElo "1830"]
[BlackElo "1620"]
[Result "0-1"]
[Round "1"]
1.d4 d5
2.Ng1f3 c6
3.Bc1f4 Ng8f6
4.e3 Bc8f5
5.Nb1d2 e6
6.c4 Nb8d7
7.Qd1b3 Qd8b6
 { time }
0-1

[Event "Tourn. n8100"]
[Site "www.chess-mail.com"]
[Date "2015.04.02"]
[Round "1"]
[White "Difficult"]
[Black "Abuelo"]
[WhiteElo "2100"]
[BlackElo "2100"]
[Result "1/2-1/2"]
[Round "1"]
1.d4 d5
2.c4 dxc4
3.e4 e6
4.Bf1xc4 Ng8f6
5.e5 Nf6d5
6.Ng1f3 Nb8c6
7.Nb1c3 Bf8b4
8.Bc1d2 Nc6a5
9.Bc4e2 O-O
10.Nc3xd5 Bb4xd2
11.Qd1xd2 Qd8xd5
12.O-O b6
13.a3 Bc8b7
14.Ra1b1 Na5c4
15.Be2xc4 Qd5xc4
16.Rf1c1 { draw }
1/2-1/2

[Event "Tourn. n8103"]
[Site "www.chess-mail.com"]
[Date "2015.04.02"]
[Round "1"]
[White "Difficult"]
[Black "Maredocla"]
[WhiteElo "2110"]
[BlackElo "2040"]
[Result "0-1"]
[Round "1"]
1.d4 g6
2.g3 Bf8g7
3.Bf1g2 e6
4.c3 Nb8c6
5.Ng1f3 b6
6.O-O Bc8b7
7.Nb1a3 Ng8f6
8.Na3c4 a5
9.Nf3e5 d5
10.Ne5xc6 Bb7xc6
11.Nc4e5 Bc6b7
12.Bc1g5 h6
13.Qd1a4 c6
14.Ne5xc6 Qd8d7
{ resign }
0-1

[Event "Tourn. n8075"]
[Site "www.chess-mail.com"]
[Date "2015.04.02"]
[Round "1"]
[White "Ff333"]
[Black "Maredocla"]
[WhiteElo "2050"]
[BlackElo "2000"]
[Result "0-1"]
[Round "1"]
1.e4 c5
2.c4 e5
3.Ng1f3 d6
4.d3 Bc8g4
5.h3 Bg4xf3
6.Qd1xf3 Nb8c6
7.Bc1e3 Qd8f6
8.Bf1e2 Bf8e7
9.O-O Nc6d4
10.Be3xd4 cxd4
11.Nb1d2 Qf6h6
12.Nd2b3 b6
13.a3 Ng8f6
14.Rf1d1 O-O
15.Ra1c1 Nf6d7
16.Nb3a1 Nd7c5
17.Na1c2 Nc5b3
18.Rc1b1 Nb3d2
19.Qf3g4 Nd2xb1
20.Rd1xb1 Qh6d2
21.Nc2b4 Ra8c8
22.Nb4d5 Be7g5
23.h4 Bg5xh4
24.g3 h5
25.Qg4f3 Bh4d8
26.Be2d1 h4
27.Qf3g4 Qd2xd3
28.Rb1c1 Rc8xc4
29.Nd5b4 Rc4xb4
30.axb4 hxg3
31.f3 Qd3e3
32.Kg2 Qe3f2
{ resign }
0-1

[Event "Match"]
[Site "www.echecsemail.com"]
[Date "2015.04.02"]
[Round "1"]
[White "Reanna"]
[Black "Corpang"]
[WhiteElo "1650"]
[BlackElo "1499"]
[Result "0-1"]
[Round "1"]
1.c4 e6
2.e4 d5
3.exd5 exd5
4.Ng1f3 Ng8f6
5.Bf1e2 d4
6.d3 c5
7.O-O Bf8d6
8.Nb1a3 Nb8c6
9.Na3b5 Bd6b8
10.Bc1g5 O-O
11.Bg5xf6 Qd8xf6
12.Kh1 Rf8e8
13.Rf1e1 a6
14.Nb5a3 Bb8d6
15.Nf3g1 Qf6xf2
16.Ng1f3 Bc8g4
17.Nf3g1 Qf2h4
18.Ng1h3 Bg4xh3
19.Be2f3 Bh3g4
20.Re1xe8 Ra8xe8
21.Qd1g1 Bg4xf3
22.gxf3 Re8e2
23.Ra1f1 Re2xh2
24.Qg1xh2 Qh4xh2
{ resign }
0-1

[Event "Match"]
[Site "www.echecsemail.com"]
[Date "2015.04.02"]
[Round "1"]
[White "Generalfree"]
[Black "Groz"]
[WhiteElo "1820"]
[BlackElo "1920"]
[Result "1/2-1/2"]
[Round "1"]
1.e4 g6
2.d4 Bf8g7
3.c3 e6
4.g3 Ng8e7
5.Bf1g2 O-O
6.Bc1e3 a6
7.Ng1e2 d5
8.e5 c5
9.f4 cxd4
10.cxd4 Nb8c6
11.a3 f6
12.b4 fxe5
13.dxe5 Bc8d7
14.Nb1d2 Ra8c8
15.Be3c5 { draw }
1/2-1/2

[Event "Match"]
[Site "www.echecsemail.com"]
[Date "2015.04.02"]
[Round "1"]
[White "Billyg"]
[Black "Generalfree"]
[WhiteElo "1610"]
[BlackElo "1780"]
[Result "0-1"]
[Round "1"]
1.e4 c5
2.Nb1c3 e6
3.d4 Nb8c6
4.Ng1e2 h6
5.d5 exd5
6.exd5 Nc6e5
7.b3 d6
8.Ne2f4 Bc8d7
9.Bf1b5 Qd8g5
10.g3 a6
11.Bb5xd7 Kxd7
12.Nc3a4 Kc7
13.Nf4e6 fxe6
14.Bc1xg5 hxg5
15.dxe6 Ng8f6
16.O-O Nf6g4
17.Rf1e1 Ng4xh2
18.Re1e3 Nh2g4
19.Re3e4 Ra8e8
20.Na4c3 Re8xe6
21.f3 Ng4h2
22.f4 gxf4
23.Nc3d5 Kc6
24.Nd5xf4 Ne5f3
25.Kg2 Re6xe4
26.Qd1d5 Kb6
27.Qd5xe4 Nf3g5
28.Qe4e2 Nh2f3
29.Nf4d5 Kc6
30.Ra1d1 Rh8h2
31.Kf1 Rh2xe2
32.Kxe2 Nf3d4
33.Kf1 Nd4xc2
34.Rd1c1 Nc2a3
35.Rc1c3 Kxd5
36.Rc3d3 Ke4
37.Ke2 c4
38.bxc4 Na3xc4
39.Rd3c3 d5
40.Rc3d3 Bf8c5
41.Rd3c3 b5
42.a4 bxa4
{ resign }
0-1

[Event "Match"]
[Site "www.echecsemail.com"]
[Date "2015.04.02"]
[Round "1"]
[White "Valdri"]
[Black "E4player"]
[WhiteElo "2040"]
[BlackElo "1809"]
[Result "0-1"]
[Round "1"]
1.e4 c5
2.c3 b6
3.d4 Bc8b7
4.Bf1d3 Ng8f6
5.Nb1d2 e6
6.Ng1f3 cxd4
7.cxd4 Bf8e7
8.O-O O-O
9.Rf1e1 d6
10.Nd2f1 Nb8c6
11.Bc1d2 Ra8c8
12.Ra1c1 a6
13.a3 b5
14.b4 Qd8b6
15.e5 Nf6d5
 { time }
0-1

[Event "Match"]
[Site "www.echecsemail.com"]
[Date "2015.04.02"]
[Round "1"]
[White "Arnpriorite"]
[Black "Silent1"]
[WhiteElo "2220"]
[BlackElo "1940"]
[Result "1-0"]
[Round "1"]
1.e4 e5
2.Ng1f3 d6
3.Bf1c4 Bf8e7
4.O-O Ng8f6
5.Nb1c3 O-O
6.Qd1e2 Nb8c6
7.a3 Bc8g4
8.h3 Bg4xf3
9.Qe2xf3 Nc6d4
10.Qf3d1 a6
11.d3 Nd4c6
12.Bc1g5 Nf6d7
13.Bg5xe7 Qd8xe7
14.Nc3d5 Qe7d8
15.f4 exf4
16.Rf1xf4 Nd7e5
17.Qd1h5 Ne5xc4
18.dxc4 Nc6e7
19.Nd5f6 gxf6
20.Rf4h4 { resign }
1-0

[Event "Match"]
[Site "www.echecsemail.com"]
[Date "2015.04.02"]
[Round "1"]
[White "Generalfree"]
[Black "Karlgrocer"]
[WhiteElo "1770"]
[BlackElo "1940"]
[Result "1-0"]
[Round "1"]
1.e4 c5
2.Bf1c4 e6
3.Ng1f3 d6
4.d3 Ng8f6
5.c3 Bf8e7
6.h3 O-O
7.Nb1d2 a6
8.a4 Bc8d7
9.Bc4a2 Nb8c6
10.d4 cxd4
11.cxd4 Nc6b4
12.O-O Nb4xa2
13.Ra1xa2 Bd7c6
14.b3 Nf6xe4
15.Nd2xe4 Bc6xe4
16.Rf1e1 Be4d5
17.Bc1b2 Qd8b6
18.Ra2a3 Ra8c8
19.Re1e3 Rc8c7
20.Re3c3 Rf8c8
21.Rc3xc7 Rc8xc7
22.a5 Qb6b5
23.Kh2 Bd5xf3
24.Qd1xf3 d5
25.Ra3a1 Be7f6
26.Qf3g3 Rc7c2
27.Bb2c1 Qb5f1
28.Qg3b8 { resign }
1-0

[Event "Match"]
[Site "www.echecsemail.com"]
[Date "2015.04.02"]
[Round "1"]
[White "Norwich"]
[Black "F14"]
[WhiteElo "1610"]
[BlackElo "1870"]
[Result "1-0"]
[Round "1"]
1.d4 Ng8f6
2.c4 g6
3.g3 d5
4.cxd5 Nf6xd5
5.Bf1g2 Bf8g7
6.Ng1f3 O-O
7.O-O c6
8.Nb1c3 Nd5f6
9.e4 Bc8g4
10.e5 Nf6d5
11.h3 Bg4e6
12.Nf3g5 Be6f5
13.Nc3xd5 cxd5
14.Bc1e3 f6
15.exf6 Bg7xf6
16.Qd1b3 b6
17.Qb3xd5 Qd8xd5
18.Bg2xd5 Kg7
19.Bd5xa8 Nb8d7
20.Ba8g2 h6
21.Ng5f3 a5
22.Ra1c1 Rf8d8
23.b3 Nd7f8
24.Rc1c6 b5
25.Rc6a6 a4
26.bxa4 bxa4
27.Ra6xa4 Bf5d3
28.Rf1c1 Bd3e2
29.Rc1c7 Kf7
30.Nf3e5 Bf6xe5
31.dxe5 Be2b5
32.Ra4a7 Rd8d7
33.Rc7xd7 Bb5xd7
34.a4 Bd7e6
35.Be3xh6 Nf8d7
36.Bg2d5 Nd7c5
37.Bd5xe6 Kxe6
38.f4 { resign }
1-0

[Event "Match"]
[Site "www.echecsemail.com"]
[Date "2015.04.02"]
[Round "1"]
[White "Add"]
[Black "Cardiff"]
[WhiteElo "1880"]
[BlackElo "1950"]
[Result "1-0"]
[Round "1"]
1.e4 c5
2.e5 d5
3.d4 e6
4.Ng1f3 Nb8c6
5.c3 Qd8b6
6.b3 cxd4
7.cxd4 Bf8b4
8.Bc1d2 Ng8h6
9.Bf1d3 Bc8d7
10.O-O Bb4xd2
11.Qd1xd2 Nc6xd4
12.Nf3xd4 Qb6xd4
13.Nb1c3 Qd4b6
14.Rf1e1 O-O
15.Kh1 Ra8c8
16.Nc3a4 Bd7xa4
17.bxa4 a6
18.a5 Qb6d8
19.h3 Rc8c6
20.Ra1b1 Qd8c7
21.f4 g6
22.Re1c1 Rf8c8
23.Rc1xc6 Qc7xc6
24.Rb1b6 Qc6d7
25.Qd2b4 Rc8c7
26.Rb6d6 Qd7c8
27.Kh2 Rc7c6
28.Rd6xc6 Qc8xc6
29.a4 Kg7
30.Qb4e7 Qc6xa4
31.Qe7xb7 Qa4xf4
32.Kg1 Qf4xe5
33.Qb7xa6 Qe5d4
34.Kh2 e5
35.Qa6b5 e4
36.Bd3e2 Nh6f5
37.a6 Qd4e3
38.Be2g4 Qe3f4
39.Kg1 Qf4e3
40.Kh2 Qe3g3
41.Kg1 Nf5e3
42.Qb5b2 Kh6
43.a7 Qg3e1
44.Kh2 Ne3f1
45.Kg1 Nf1e3
46.Kh2 Ne3xg4
47.hxg4 Qe1h4
48.Kg1 Qh4xg4
49.Qb2d2 { resign }
1-0

[Event "1/128 Finale"]
[Site "www.chess-mail.com"]
[Date "2015.04.02"]
[Round "1"]
[White "Gambitplayer"]
[Black "Jaroslavpech"]
[WhiteElo "1510"]
[BlackElo "2330"]
[Result "0-1"]
[Round "1"]
1.e4 e5
2.Ng1f3 Nb8c6
3.Bf1b5 Ng8f6
4.d3 d6
5.h3 a6
6.Bb5xc6 bxc6
7.O-O c5
8.Nb1c3 Bf8e7
9.Nc3e2 Nf6d7
10.Ne2g3 Nd7b8
11.c3 Nb8c6
12.Rf1e1 O-O
13.Bc1e3 g6
14.Qd1d2 Rf8e8
15.Ra1d1 a5
16.Be3g5 Be7xg5
17.Nf3xg5 Qd8f6
18.Re1f1 h6
19.Ng5f3 Bc8xh3
20.Nf3xe5 Nc6xe5
{ resign }
0-1

[Event "1/32 Finale"]
[Site "www.chess-mail.com"]
[Date "2015.04.02"]
[Round "1"]
[White "Averoes"]
[Black "George1955"]
[WhiteElo "2160"]
[BlackElo "2640"]
[Result "0-1"]
[Round "1"]
1.d4 Ng8f6
2.c4 g6
3.Nb1c3 d5
4.cxd5 Nf6xd5
5.e4 Nd5xc3
6.bxc3 Bf8g7
7.Bc1e3 c5
8.Qd1d2 Qd8a5
9.Ra1b1 b6
10.Ng1f3 O-O
11.Bf1c4 Bc8b7
12.Rb1b5 Qa5a4
13.Qd2d3 Bb7xe4
14.Qd3xe4 Qa4xc4
15.Rb5b3 cxd4
16.cxd4 Nb8c6
{ resign }
0-1

[Event "Fast Game"]
[Site "www.echecsemail.com"]
[Date "2015.04.02"]
[Round "1"]
[White "Battlejanson"]
[Black "Yangqi"]
[WhiteElo "1599"]
[BlackElo "1599"]
[Result "1/2-1/2"]
[Round "1"]
1.e4 Ng8f6
2.e5 Nf6d5
3.Nb1c3 Nd5xc3
4.dxc3 d5
5.Bc1g5 h6
6.Bg5h4 g5
7.Bh4g3 Bf8g7
8.h3 Bc8f5
9.Bf1d3 Bf5xd3
10.Qd1xd3 c6
11.Ng1f3 e6
12.O-O-O Nb8d7
13.Qd3d4 c5
14.Qd4g4 Qd8a5
15.a3 Rh8g8
16.h4 O-O-O
17.hxg5 hxg5
18.Qg4xg5 Bg7xe5
19.Qg5e7 Be5xg3
20.fxg3 Rd8f8
21.Rh1h7 Qa5d8
22.Rh7xf7 Qd8xe7
23.Rf7xe7 Rg8xg3
24.Rd1d2 Rf8f6
25.c4 Kd8
26.Re7h7 d4
27.c3 e5
28.cxd4 exd4
29.b4 b6
30.bxc5 bxc5
31.Nf3xd4 cxd4
32.Rd2xd4 Rf6f1
33.Kd2 Rf1f2
34.Ke1 Rg3xg2
35.Rd4xd7 Kc8
36.Rd7xa7 Rf2e2
{ draw }
1/2-1/2

[Event "Tourn. n8154"]
[Site "www.chess-mail.com"]
[Date "2015.04.02"]
[Round "1"]
[White "Difficult"]
[Black "Tomasseeber"]
[WhiteElo "2100"]
[BlackElo "2190"]
[Result "0-1"]
[Round "1"]
1.c4 e5
2.Nb1c3 Ng8f6
3.g3 Bf8c5
4.Bf1g2 a6
5.e3 Nb8c6
6.Ng1e2 Qd8e7
7.O-O e4
8.d4 exd3
9.Qd1xd3 Nc6e5
{ resign }
0-1

[Event "Tourn. n7996"]
[Site "www.chess-mail.com"]
[Date "2015.04.02"]
[Round "1"]
[White "Osopanda"]
[Black "Emmanuelasi"]
[WhiteElo "2020"]
[BlackElo "2150"]
[Result "0-1"]
[Round "1"]
1.c4 Nb8c6
2.Nb1c3 e5
3.Ng1f3 Bf8c5
4.e3 d6
5.d4 exd4
6.exd4 Bc5b6
7.Bc1e3 a6
8.Bf1d3 Ng8f6
9.O-O O-O
10.Rf1e1 Bc8g4
11.c5 dxc5
12.dxc5 Bg4xf3
13.Qd1xf3 Qd8xd3
14.Ra1d1 Qd3g6
15.cxb6 cxb6
16.Be3xb6 Rf8e8
17.Re1xe8 Ra8xe8
18.h3 h6
19.Bb6e3 Nc6e5
20.Qf3xb7 Qg6c2
21.Rd1d2 Qc2g6
22.Be3d4 Ne5c4
23.Rd2d1 Nf6h5
24.Nc3d5 Qg6d6
25.Nd5c7 Re8d8
26.Nc7xa6 Nc4xb2
27.Qb7xb2 Qd6xa6
28.Kh2 Nh5f4
29.Rd1d2 Qa6c6
30.f3 Qc6g6
31.Bd4e5 Nf4d3
32.Qb2c3 Kh7
33.f4 Qg6e4
34.Be5xg7 Qe4xf4
35.g3 Qf4e3
36.Rd2g2 Rd8d6
37.Bg7e5 Qe3xe5
38.Qc3xe5 Nd3xe5
39.Rg2b2 Rd6d2
40.Rb2xd2 Ne5f3
41.Kg2 Nf3xd2
{ resign }
0-1

[Event "Match"]
[Site "www.echecsemail.com"]
[Date "2015.04.02"]
[Round "1"]
[White "Reanna"]
[Black "Nugun"]
[WhiteElo "1610"]
[BlackElo "1580"]
[Result "0-1"]
[Round "1"]
1.c4 e5
2.e4 Ng8f6
3.d3 c6
4.Bf1e2 Bf8c5
5.Bc1e3 d6
6.Ng1f3 O-O
7.O-O Bc5b6
8.b4 d5
9.Nf3xe5 Qd8d6
10.exd5 Bb6c7
11.Be3c5 Qd6xe5
12.d6 Bc7xd6
13.Bc5xd6 Qe5xd6
14.f4 Qd6d4
15.Kh1 Qd4xa1
16.Qd1b3 Qa1d4
17.Nb1d2 Qd4e3
18.Qb3d1 Qe3d4
19.Nd2f3 Qd4xf4
20.Nf3d2 Qf4h4
21.Nd2f3 Qh4h5
22.Nf3d4 Bc8g4
23.Nd4f3 Nb8a6
24.Nf3e5 Bg4xe2
25.Qd1e1 Be2xf1
26.Ne5d7 Qh5e2
27.Qe1xe2 Bf1xe2
28.Nd7xf8 Ra8xf8
{ resign }
0-1

[Event "Match"]
[Site "www.echecsemail.com"]
[Date "2015.04.02"]
[Round "1"]
[White "Kesalon"]
[Black "Wagner"]
[WhiteElo "1830"]
[BlackElo "1670"]
[Result "1-0"]
[Round "1"]
1.e4 e5
2.Ng1f3 Bf8d6
3.Nb1c3 c6
4.d4 Bd6b4
5.Nf3xe5 g6
6.Bf1c4 d5
7.Qd1f3 f6
8.exd5 f5
9.dxc6 Qd8xd4
10.Ne5f7 b5
11.Bc4b3 Nb8a6
12.Nf7xh8 Qd4xh8
13.O-O Ng8e7
14.Nc3xb5 Qh8e5
15.c7 Qe5xb5
16.Qf3xa8 Qb5c5
17.Bc1e3 Qc5xc7
18.Qa8xa7 Ne7c6
19.Qa7xc7 Na6xc7
20.c3 Bb4a5
21.Rf1e1 Bc8d7
22.Be3b6 Nc7e6
23.Bb6xa5 Nc6xa5
24.Bb3xe6 { resign }
1-0

[Event "Match"]
[Site "www.echecsemail.com"]
[Date "2015.04.02"]
[Round "1"]
[White "Generalfree"]
[Black "Castletyme"]
[WhiteElo "1840"]
[BlackElo "1830"]
[Result "1-0"]
[Round "1"]
1.e4 e6
2.d4 d5
3.exd5 exd5
4.g3 Ng8f6
5.f3 Nb8c6
6.Bc1g5 Bf8e7
7.c3 O-O
8.Bf1d3 Rf8e8
9.Ng1e2 Nf6d7
10.Bg5xe7 Nc6xe7
11.g4 Ne7g6
12.Bd3xg6 fxg6
13.Qd1d3 Qd8h4
14.Kd1 c5
15.Nb1d2 cxd4
16.Qd3xd4 Nd7b6
17.Ne2f4 Bc8xg4
18.fxg4 Qh4xg4
19.Kc2 Qg4f5
20.Kb3 Nb6c4
21.Nd2xc4 dxc4
22.Qd4xc4 Kh8
23.Ra1f1 Qf5a5
24.Rf1e1 Qa5b6
25.Kc2 Re8xe1
26.Rh1xe1 g5
27.Nf4d5 Qb6f2
28.Re1e2 Qf2f5
29.Kb3 a5
30.Nd5e7 a4
31.Ka3 Qf5f8
32.Qc4b5 Ra8c8
33.Qb5xb7 Rc8b8
34.Qb7e4 Qf8d8
35.b4 Qd8d1
36.Qe4e5 Qd1c1
37.Re2b2 Rb8f8
38.Ne7f5 Rf8g8
39.Nf5d6 Rg8f8
40.c4 Qc1h1
41.Kxa4 Rf8a8
42.Kb5 Ra8b8
43.Kc5 Qh1g1
44.Kc6 Qg1b6
45.Kd5 Qb6d8
46.Rb2e2 Qd8f8
47.Qe5e8 Rb8xe8
48.Re2xe8 { resign }
1-0